书目信息 |
| 题名: |
求凰集
|
|
| 作者: | 吴祖光 著 | |
| 分册: | ||
| 出版信息: | 北京 中国戏剧出版社 1980.9 |
|
| 页数: | 200页 | |
| 开本: | 19cm | |
| 丛书名: | ||
| 单 册: | ||
| 中图分类: | I232 | |
| 科图分类: | ||
| 主题词: | 戏剧文学--剧本--中国 | |
| 电子资源: | ||
| ISBN: | ||
| 000 | 00529nam0 2200193 45 | |
| 001 | 0312221749 | |
| 005 | 20031222170803.4 | |
| 010 | @dCNY0.56 | |
| 100 | @a20031222d1980 km y0chiy0120 ea | |
| 101 | @achi | |
| 105 | @a z 000yy | |
| 200 | 1 | @a求凰集@AQiu Huang Ji@f吴祖光著@FWu Zu Guang Zhu |
| 210 | @a北京@c中国戏剧出版社@d1980.9 | |
| 215 | @a200页@d19cm | |
| 606 | 0 | @a戏剧文学@x剧本@x中国 |
| 690 | @aI232@v3 | |
| 701 | 0 | @a吴祖光@4著 |
| 801 | @aCN@bTSTCL@c20031222 | |
| 905 | @a213230@dI232@e66@b104994-996@f3@b167897-898@f2 | |
| 求凰集/吴祖光著.-北京:中国戏剧出版社,1980.9 |
| 200页;19cm |
| ISBN :CNY0.56 |
| ● |
| 相关链接 |
|
|
|
|
正题名:求凰集
索取号:I232/66
 
预约/预借
| 序号 | 登录号 | 条形码 | 馆藏地/架位号 | 状态 | 备注 |
| 1 | 0104994 | 001747337 | 密集书库/ [索取号:I232/66] | 在馆 | |
| 2 | 0104995 | 001747293 | 第二借阅区/ [索取号:I232/66] | 在馆 | |
| 3 | 0104996 | 001747257 | 第二借阅区/ [索取号:I232/66] | 在馆 | |
| 4 | 0167897 | 001747417 | 密集书库/ [索取号:I232/66] | 在馆 | |
| 5 | 0167898 | 001747373 | 第一样本阅览室/ [索取号:I232/66] | 在馆 |